Every Day English (Record no. 159401)

MARC details
000 -LEADER
fixed length control field 00791nam a22002417a 4500
005 - DATE AND TIME OF LATEST TRANSACTION
control field 20181215172754.0
006 - FIXED-LENGTH DATA ELEMENTS--ADDITIONAL MATERIAL CHARACTERISTICS--GENERAL INFORMATION
fixed length control field a|||||f|||| 00| 0
007 - PHYSICAL DESCRIPTION FIXED FIELD--GENERAL INFORMATION
fixed length control field tc
008 - FIXED-LENGTH DATA ELEMENTS--GENERAL INFORMATION
fixed length control field 180720b xxu||||| |||| 00| 0 eng d
010 ## - LCCN (DPL NO)
LC control number B-348063-B-348066
020 ## - INTERNATIONAL STANDARD BOOK NUMBER
Terms of availability 145.00(per set)
035 ## - SYSTEM CONTROL NUMBER
System control number B-348063
037 ## - SOURCE OF ACQUISITION
Source of stock number/acquisition A.I.C.B.
082 ## - DEWEY DECIMAL CLASSIFICATION NUMBER
Classification number 480
100 ## - MAIN ENTRY--PERSONAL NAME
Personal name Gurtu, Madhu
245 ## - TITLE STATEMENT
Title Every Day English
Statement of responsibility, etc by Madhu Gurtu
260 ## - PUBLICATION, DISTRIBUTION, ETC. (IMPRINT)
Place of publication, distribution, etc Delhi
Name of publisher, distributor, etc A.C.I.B.
Date of publication, distribution, etc N.D.
270 ## - ADDRESS
Address Sector-5, Rohini,
City New Delhi
Postal code 110085
Telephone number 011-27054082
300 ## - PHYSICAL DESCRIPTION
Extent Pt.2, 2V.,various pages.
Dimensions 30cm(HB).
700 ## - ADDED ENTRY--PERSONAL NAME
Personal name Kusum Virmani
942 ## - ADDED ENTRY ELEMENTS (KOHA)
Source of classification or shelving scheme Dewey Decimal Classification
Item type Braille-Books-English
Classification part 480
Call number suffix EVE
Holdings
Withdrawn status Lost status Materials specified (bound volume or other part) Not for loan Collection code Home library Current library Date acquired Source of acquisition Cost, normal purchase price Full call number Barcode Copy number Koha item type
    V.-1   Non-fiction Braille-Library Braille-Library 17/07/2009 2761/17-07-2009 145.00 480 EVE B-348063 1 Braille-Books-English
    V.-2   Non-fiction Braille-Library Braille-Library 17/07/2009 2761/17-07-2009 145.00 480 EVE B-348064 1 Braille-Books-English
    V.-1   Non-fiction Braille-Library Braille-Library 17/07/2009 2761/17-07-2009 145.00 480 EVE B-348065 1 Braille-Books-English
    V.-2   Non-fiction Braille-Library Braille-Library 17/07/2009 2761/17-07-2009 145.00 480 EVE B-348066 1 Braille-Books-English

© Delhi Public Library
Hit Counter
free hit counter